000 00458cam a2200181ua 4500
020 _c2.00
041 _amal
_h
082 _a894.8121
_bSAN/VE
100 _aSankaraKurup, G.
245 _aVellilparavakal /
_cG Sankarakurup.
_hTextual Documents
250 _a1 /
_b.
260 _aErnamkulam :
_bSahitya Parishad Co Operative Society Limited ,
_c1963.
300 _a123 ; .
365 _a2.00
504 _a
942 _cBK
999 _c6563
_d6563